000
00292nam a2200121Ia 4500
008
241028s9999 xx 000 0 und d
041
_a
eng
082
_a
332.6 LOG
100
_a
Logue
245
_a
Hedge Funds For Dummies
260
_b
Wiley India
_a
New Delhi
_c
2023
300
_a
342;. P. 23 cm
999
_c
43026
_d
43026